000 00542nam a2200181Ia 4500
999 _c23378
_d23378
003 OSt
005 20200206112712.0
008 190216s9999||||xx |||||||||||||| ||und||
020 _a9789351378846
040 _coclc
082 _a297.14
_bAUD/S
100 _a Auda, Jasser
_91720
245 0 _aSareeath Bharanam Pourasamooham Punarvaayanakk Oramukham /
_cJasser Auda
260 _bVicharam Books,
_c2014.
_aThrissur:
300 _a125p
650 _aIslamic History
942 _cBK
_2ddc
_h297.14
_iAUD/S
_k297.14
_mAUD/S